| 000 | 00434nam a2200181Ia 4500 | ||
|---|---|---|---|
| 001 | 18781 | ||
| 005 | 20260306171656.0 | ||
| 008 | 260306s9999||||xx |||||||||||||| ||und|| | ||
| 041 | _aESP | ||
| 082 |
_a658.5 _bG314 |
||
| 100 |
_aGajardo Osorio, Rubén Patricio _eAUT |
||
| 245 | 0 |
_aLogística: _bbase de la gestión de negocios |
|
| 260 | _c2008 | ||
| 300 |
_a _c |
||
| 650 | _aGEN | ||
| 654 | _aCAN | ||
| 942 |
_cLIB _dJUS _fJUS _2ddc _n |
||
| 999 |
_c18781 _d18781 |
||